Porovnanie využitia podpory ESF vo vybraných krajoch bakalárska práca

Gespeichert in:
Bibliographische Detailangaben
1. Verfasser: Francisciová, Jana
Körperschaft: Národohospodárska fakulta EU. Katedra verejnej správy a regionálneho rozvoja
Weitere Verfasser: Šipikal, Miroslav, 1976-
Format: Buch
Sprache:Slowakisch
Veröffentlicht: Bratislava 2011
Tags: Tag hinzufügen
Keine Tags, Fügen Sie das erste Tag hinzu!

MARC

LEADER 00000nbm a2200000 4500
001 0139731
005 20161109111642.2
041 0 |a slo 
044 |a SK 
245 1 0 |a Porovnanie využitia podpory ESF vo vybraných krajoch  |b bakalárska práca  |c Jana Francisciová ; školiteľ: Miroslav Šipikal 
264 1 |a Bratislava  |c 2011 
300 |a 32 s. 
100 1 |a Francisciová, Jana 
700 1 |a Šipikal, Miroslav, 1976- 
710 2 |a Národohospodárska fakulta EU. Katedra verejnej správy a regionálneho rozvoja